Koeficient smennosti i problemy povyšenija zagruzki oborudovanija

Gespeichert in:
Bibliographische Detailangaben
1. Verfasser: Ejgi, Kal'vi A.
Format: Buch
Sprache:Russisch
Veröffentlicht: Tallin Valgus 1982
Tags: Tag hinzufügen
Keine Tags, Fügen Sie das erste Tag hinzu!

MARC

LEADER 00000nam a2200000 4500
001 c106976
005 20041019155138.8
041 0 |a rus 
044 |a EE 
245 1 0 |a Koeficient smennosti i problemy povyšenija zagruzki oborudovanija  |c Kal'vi A. Ejgi 
264 1 |a Tallin  |b Valgus  |c 1982 
300 |a 104 s. 
100 1 |a Ejgi, Kal'vi A.